Érdekesebb jogi művek továbbá
Elmentve itt :
| Dokumentumtípus: | Cikk |
|---|---|
| Megjelent: |
1925
|
| Sorozat: | Polgári jog : a hazai és külföldi magánjog és hiteljog szemléje
1 |
| Kulcsszavak: | Jogtudomány könyvjegyzék |
| Online Access: | http://misc.bibl.u-szeged.hu/3766 |
| LEADER | 00553nab a2200157 i 4500 | ||
|---|---|---|---|
| 001 | misc3766 | ||
| 005 | 20191106143135.0 | ||
| 008 | 170607s1925 hu o 0|| hun d | ||
| 040 | |a SZTE Miscellanea Repozitórium |b hun | ||
| 041 | |a hun | ||
| 245 | 0 | 0 | |a Érdekesebb jogi művek továbbá |h [elektronikus dokumentum] |
| 260 | |c 1925 | ||
| 300 | |a 45a | ||
| 490 | 0 | |a Polgári jog : a hazai és külföldi magánjog és hiteljog szemléje |v 1 | |
| 695 | |a Jogtudomány könyvjegyzék | ||
| 856 | 4 | 0 | |u http://misc.bibl.u-szeged.hu/3766/1/polgari_jog_1925_045a.pdf |z Dokumentum-elérés |